[Event "12. Longericher Sommer-Open B"]
[Site "Köln"]
[Date "2015.08.01"]
[Round "2.6"]
[White "Havenith, Michael"]
[Black "Köllner, Aaron Noah"]
[Result "0-1"]
[WhiteElo "1646"]
[BlackElo "1478"]
[PlyCount "196"]
[EventDate "2015.??.??"]
[WhiteTeam "SV Würselen"]
[BlackTeam "SV Bergneustadt/Derschlag"]

1. c4 e5 2. Nc3 Bc5 3. Nf3 Nc6 4. g3 a6 5. Bg2 d6 6. O-O Bg4 7. d3 h5 8. h3
Bxf3 9. Bxf3 h4 10. g4 Qd7 11. e3 f5 12. gxf5 Qxf5 13. Bg4 Qg6 14. Nd5 Kd8 15.
f4 Nf6 16. Rf2 Nxd5 17. cxd5 Nb4 18. d4 exd4 19. exd4 Bb6 20. Re2 Nxd5 21. Re6
Qf7 22. f5 Kc8 23. Bg5 Kb8 24. Qd3 Nb4 25. Qe4 Nc6 26. Rd1 Ka7 27. Kg2 Nd8 28.
Bf3 d5 29. Qxd5 c6 30. Qe4 Nxe6 31. fxe6 Qc7 32. Bxh4 Rae8 33. Bg3 Qe7 34. Bg4
Qb4 35. b3 Qc3 36. Qd3 Qxd3 37. Rxd3 Rd8 38. Be5 Rhg8 39. e7 Rde8 40. Be6 Rh8
41. Bd6 Rh6 42. Bf7 Rxd6 43. Bxe8 Re6 44. Kf3 Rxe7 45. Bh5 Bc7 46. d5 cxd5 47.
Rxd5 Kb6 48. Bg4 Kc6 49. Rd4 Rf7+ 50. Ke4 Rf2 51. a4 b6 52. Rc4+ Kb7 53. Rd4 g5
54. Be6 Re2+ 55. Kf5 Re5+ 56. Kf6 Rc5 57. Bd5+ Kb8 58. Kxg5 b5 59. axb5 Rxb5
60. h4 Bd8+ 61. Kg4 Bf6 62. Rd3 Rb4+ 63. Bc4 a5 64. Kg3 a4 65. h5 a3 66. Rd2
Bb2 67. Rd1 a2 68. Kg4 a1=Q 69. Rxa1 Bxa1 70. Kf5 Rb6 71. Kg4 Bg7 72. Kf5 Kc7
73. Kg4 Kd8 74. Kg5 Ke7 75. Bg8 Rb5+ 76. Kg4 Kf6 77. Bc4 Re5 78. Bd3 Re3 79.
Bc4 Bh6 80. Bd5 Rd3 81. Bc4 Rd4+ 82. Kf3 Rh4 83. Ke2 Rxh5 84. Kd3 Ke5 85. Bg8
Rh4 86. Bc4 Rd4+ 87. Ke2 Ke4 88. Bg8 Rd2+ 89. Ke1 Ke3 90. Bc4 Ra2 91. Kf1 Bf4
92. Kg1 Rf2 93. Bd5 Bh2+ 94. Kh1 Kf4 95. Bc6 Kg3 96. Bb5 Ra2 97. Bf1 Ra1 98. b4
Rxf1# 0-1

[Event "12. Longericher Sommer-Open B"]
[Site "Köln"]
[Date "2015.08.01"]
[Round "2.7"]
[White "Fischer, Bastian"]
[Black "van der Valk, Reiner"]
[Result "1/2-1/2"]
[WhiteElo "1476"]
[BlackElo "1450"]
[PlyCount "84"]
[EventDate "2015.??.??"]
[WhiteTeam "SC Vaterstetten"]
[BlackTeam "SG Nettetal"]

1. e4 c6 2. d4 d5 3. Nc3 dxe4 4. Nxe4 Bf5 5. Ng3 Bg6 6. h4 h6 7. Bd3 Bxd3 8.
Qxd3 e6 9. Nf3 Nd7 10. Bf4 Qa5+ 11. Qd2 Qb6 12. c3 Ngf6 13. O-O Nd5 14. Ne2
Nxf4 15. Nxf4 Bd6 16. Nd3 Rd8 17. Rfe1 O-O 18. Nfe5 c5 19. Nc4 Qc7 20. Nxd6
Qxd6 21. Nc1 cxd4 22. Qxd4 Qxd4 23. cxd4 Nf6 24. Nb3 b6 25. Rac1 Rc8 26. Nd2
Rfd8 27. Nf3 Kf8 28. Kf1 Ke7 29. Ne5 Kf8 30. Nc6 Rd7 31. Ne5 Rdc7 32. Rxc7 Rxc7
33. Re2 Ke7 34. Ke1 Nd5 35. g3 Nb4 36. Kd1 Nxa2 37. Nd3 Kd6 38. Rc2 Rxc2 39.
Kxc2 a5 40. Kb3 Nb4 41. Nxb4 axb4 42. Kxb4 Kc6 1/2-1/2

[Event "12. Longericher Sommer-Open B"]
[Site "Köln"]
[Date "2015.08.01"]
[Round "2.8"]
[White "Havenith, Julia"]
[Black "Memmesheimer, Thomas"]
[Result "1-0"]
[WhiteElo "1564"]
[BlackElo "1579"]
[PlyCount "47"]
[EventDate "2015.??.??"]
[WhiteTeam "SV Würselen"]
[BlackTeam "SF Seelscheid"]

1. e4 c6 2. d4 d5 3. exd5 cxd5 4. c4 Nf6 5. Nc3 g6 6. Nf3 Bg7 7. Be2 O-O 8. O-O
Nc6 9. c5 b6 10. Bb5 Bb7 11. Ne5 Nxe5 12. dxe5 Ne4 13. Nxe4 dxe4 14. c6 Bc8 15.
Qxd8 Rxd8 16. c7 Rf8 17. Bc6 Ba6 18. Bxa8 Bxf1 19. Bb7 Bd3 20. Bf4 h6 21. c8=Q
Rxc8 22. Bxc8 g5 23. Bg3 h5 24. h3 1-0

[Event "12. Longericher Sommer-Open B"]
[Site "Köln"]
[Date "2015.08.01"]
[Round "2.10"]
[White "Ipekyilmaz, Tayfun"]
[Black "Kühlwein, Ralf"]
[Result "1/2-1/2"]
[WhiteElo "1692"]
[BlackElo "1412"]
[PlyCount "38"]
[EventDate "2015.??.??"]
[WhiteTeam "Langenfelder SF"]
[BlackTeam "Klub Kölner SF"]

1. e4 c5 2. f4 d6 3. Nf3 g6 4. Bc4 Bg7 5. O-O e6 6. Nc3 Ne7 7. d3 Nbc6 8. Bd2
O-O 9. h4 d5 10. Bb3 Nd4 11. Ne5 Nec6 12. Nxc6 bxc6 13. h5 Nxb3 14. axb3 Bd4+
15. Rf2 Bxf2+ 16. Kxf2 Qh4+ 17. Kg1 Qe7 18. Qf3 d4 19. Ne2 e5 1/2-1/2

[Event "12. Longericher Sommer-Open B"]
[Site "Köln"]
[Date "2015.08.01"]
[Round "2.11"]
[White "Schwab, Wolfgang"]
[Black "Hoferichter, Michael"]
[Result "1-0"]
[WhiteElo "1584"]
[BlackElo "1372"]
[PlyCount "69"]
[EventDate "2015.??.??"]
[WhiteTeam "SV Turm Sankt Augustin"]
[BlackTeam "Klub Kölner SF"]

1. Nf3 Nf6 2. g3 d5 3. Bg2 e6 4. d3 Bd6 5. O-O O-O 6. Nbd2 Nbd7 7. e4 dxe4 8.
dxe4 Re8 9. Re1 e5 10. Nc4 Qe7 11. Bg5 h6 12. Bc1 Nc5 13. Nh4 Bg4 14. Qd2 b6
15. h3 Be6 16. Nf5 Bxf5 17. exf5 e4 18. Nxd6 cxd6 19. g4 Nh7 20. b4 Rad8 21.
bxc5 dxc5 22. Qc3 f6 23. Bf4 Rd4 24. Qa3 Qd7 25. c3 Ra4 26. Qb3+ Kh8 27. Rad1
Qc6 28. Rd6 c4 29. Rxc6 cxb3 30. axb3 Ra3 31. Rxe4 Ra1+ 32. Kh2 Rd8 33. Rd6 Rc8
34. Re7 Rf1 35. Bxf1 1-0

[Event "12. Longericher Sommer-Open B"]
[Site "Köln"]
[Date "2015.08.01"]
[Round "2.12"]
[White "Köllner, Felicitas Ophelia"]
[Black "Sewald, Jörg"]
[Result "0-1"]
[WhiteElo "1337"]
[BlackElo "1565"]
[PlyCount "120"]
[EventDate "2015.??.??"]
[WhiteTeam "SV Bergneustadt/Derschlag"]
[BlackTeam "SF Esch"]

1. d4 g6 2. Nf3 Bg7 3. e3 b6 4. c4 Bb7 5. Nc3 a6 6. Be2 e6 7. O-O Ne7 8. b3 d6
9. Bb2 Nd7 10. Qc2 h6 11. Rfd1 g5 12. d5 e5 13. Nd2 Ng6 14. Bh5 Ndf8 15. b4 Qd7
16. Qa4 c6 17. Nde4 f5 18. Nxd6+ Qxd6 19. dxc6 Qxc6 20. Qxc6+ Bxc6 21. Rd6 Rc8
22. Bxg6+ Nxg6 23. Rxg6 Kf7 24. Rd6 Bf8 25. Rdd1 Bxb4 26. Nd5 Bxd5 27. cxd5 Bd6
28. Rac1 Rc5 29. Rxc5 bxc5 30. Kf1 Rb8 31. Bc3 e4 32. h3 h5 33. f3 Ke7 34. Ke2
Bg3 35. fxe4 fxe4 36. Rf1 Rf8 37. Rxf8 Kxf8 38. Bf6 g4 39. hxg4 hxg4 40. Bg5
Bd6 41. Bf4 Ke7 42. Bg5+ Kd7 43. Kd2 Be5 44. Kc2 Kd6 45. Bd8 Kxd5 46. Kb3 Bg3
47. Ba5 c4+ 48. Kc2 Kc5 49. Bd2 Kb5 50. Kc3 Be5+ 51. Kc2 Bd6 52. Kc3 a5 53. Be1
Bb4+ 54. Kc2 Bxe1 55. Kc1 Kb4 56. Kc2 Ka3 57. Kb1 Bc3 58. Kc2 Ba1 59. Kb1 Bb2
60. Kc2 Kxa2 0-1

[Event "12. Longericher Sommer-Open B"]
[Site "Köln"]
[Date "2015.08.01"]
[Round "2.13"]
[White "Geitner, Alexander"]
[Black "Thierkopf, Constantin"]
[Result "0-1"]
[WhiteElo "1264"]
[BlackElo "1551"]
[PlyCount "62"]
[EventDate "2015.??.??"]
[WhiteTeam "Brühler SK"]
[BlackTeam "Brühler SK"]

1. e4 e5 2. Nf3 Nc6 3. Bc4 Bc5 4. c3 Nf6 5. d3 O-O 6. Bg5 Be7 7. O-O d6 8. h3
Nd7 9. Be3 Nb6 10. Bb3 Na5 11. Bc2 f5 12. b4 Nc6 13. Bb3+ Kh8 14. exf5 Bxf5 15.
Re1 Qd7 16. Nh2 Rf6 17. g4 Bg6 18. Bg5 Rff8 19. Nf3 Rxf3 20. Qxf3 Bxg5 21. Qd1
Rf8 22. Nd2 h5 23. gxh5 Bxd2 24. hxg6 Bh6 25. Re3 Bxe3 26. Qh5+ Bh6 27. Rf1 Rf5
28. Qh4 Rg5+ 29. Kh1 Rxg6 30. f4 Na5 31. bxa5 Qc6+ 0-1

[Event "12. Longericher Sommer-Open B"]
[Site "Köln"]
[Date "2015.08.01"]
[Round "2.14"]
[White "Zimmer, Elmar"]
[Black "Ipekyilmaz, Mert"]
[Result "1/2-1/2"]
[WhiteElo "1537"]
[BlackElo "1205"]
[PlyCount "62"]
[EventDate "2015.??.??"]
[WhiteTeam "SC Kettig"]
[BlackTeam "Langenfelder SF"]

1. c4 Nf6 2. Nf3 c5 3. g3 e6 4. Bg2 Nc6 5. Nc3 d6 6. O-O Be7 7. Re1 O-O 8. e4
Qc7 9. d3 Bd7 10. a3 a6 11. Rb1 b6 12. Bg5 h6 13. Be3 Rfe8 14. b4 Rab8 15. b5
Na7 16. a4 axb5 17. Nxb5 Nxb5 18. axb5 e5 19. Qc2 Ra8 20. Ra1 Qb7 21. Qc3 Rxa1
22. Rxa1 Ra8 23. Ra3 Bc8 24. Qa1 Rxa3 25. Qxa3 Bd8 26. Nh4 Qc7 27. Nf5 Bxf5 28.
exf5 Ng4 29. Qa8 Nxe3 30. fxe3 Qe7 31. Be4 f6 1/2-1/2

[Event "12. Longericher Sommer-Open B"]
[Site "Köln"]
[Date "2015.08.01"]
[Round "2.15"]
[White "Kähnert, Marc"]
[Black "Mohammadi Nia, Borna"]
[Result "1-0"]
[WhiteElo "1516"]
[BlackElo "1190"]
[PlyCount "87"]
[EventDate "2015.??.??"]
[WhiteTeam "SC Bayer Uerdingen"]
[BlackTeam "DJK Aufwärts Aachen"]

1. f4 d5 2. Nf3 Nc6 3. d4 Bf5 4. c3 Nf6 5. e3 h6 6. Bb5 Bd7 7. Nbd2 Na5 8. Bd3
a6 9. Ne5 Be6 10. Qa4+ c6 11. b4 b5 12. Qxa5 Qxa5 13. bxa5 Rc8 14. Ba3 Ng4 15.
Nxg4 Bxg4 16. h3 Bd7 17. O-O e6 18. Bxf8 Rxf8 19. Nb3 f5 20. Nc5 Ra8 21. h4 g6
22. Rf3 Ke7 23. Rg3 Rg8 24. Kf2 Ra7 25. Be2 Kf6 26. Rh1 Be8 27. h5 g5 28. fxg5+
hxg5 29. h6 g4 30. h7 Rh8 31. Rh6+ Bg6 32. Bxg4 Kg7 33. Rh2 fxg4 34. Rxg4 Kf7
35. Rgh4 Bf5 36. g4 Bg6 37. Kg3 Kf6 38. Rf2+ Ke7 39. Rfh2 Kf6 40. Kf4 Bxh7 41.
g5+ Kg6 42. Rh6+ Kg7 43. Nxe6+ Kf7 44. Rxh7+ 1-0

[Event "12. Longericher Sommer-Open B"]
[Site "Köln"]
[Date "2015.08.01"]
[Round "2.16"]
[White "Mennicken, Leonardo"]
[Black "Beißel, Daniel"]
[Result "0-1"]
[WhiteElo "1179"]
[BlackElo "1513"]
[PlyCount "48"]
[EventDate "2015.??.??"]
[WhiteTeam "Klub Kölner SF"]
[BlackTeam "SV Horrem"]

1. d4 Nf6 2. c4 e6 3. Nc3 c5 4. e3 cxd4 5. exd4 d5 6. Bg5 Be7 7. Nf3 O-O 8. Bd3
h6 9. Bh4 b6 10. O-O Bb7 11. Ne5 Nc6 12. Re1 Nb4 13. a3 Nxd3 14. Qxd3 dxc4 15.
Nxc4 Nd5 16. Bxe7 Qxe7 17. Qg3 Rfd8 18. Re5 Rac8 19. Ne3 Nxc3 20. Nf5 Qf6 21.
bxc3 exf5 22. Qh3 Qg6 23. Rxf5 Rxc3 24. f3 Bc8 0-1

[Event "12. Longericher Sommer-Open B"]
[Site "Köln"]
[Date "2015.08.01"]
[Round "2.17"]
[White "Yon, Gregory"]
[Black "Wilde, Christian"]
[Result "1-0"]
[WhiteElo "1506"]
[BlackElo "1157"]
[PlyCount "93"]
[EventDate "2015.??.??"]
[BlackTeam "SF Köln-Longerich"]

1. c4 c5 2. g3 g6 3. Bg2 Bg7 4. Nf3 Nc6 5. Nc3 Ne5 6. Nxe5 Bxe5 7. O-O e6 8. e3
Ne7 9. d4 cxd4 10. exd4 Bg7 11. Bf4 a6 12. Rc1 O-O 13. b3 h6 14. Qc2 d6 15.
Rfd1 g5 16. Be3 Nf5 17. Ne2 Nxe3 18. fxe3 Rb8 19. Rf1 b6 20. c5 dxc5 21. dxc5
bxc5 22. Qxc5 Qb6 23. Qxb6 Rxb6 24. Rc7 e5 25. Rfc1 Bf5 26. Nc3 e4 27. Nd5 Re6
28. Ne7+ Rxe7 29. Rxe7 Bb2 30. Rc2 Ba3 31. Ra7 Rd8 32. Rxa6 Rd1+ 33. Kf2 Bb4
34. h3 Rd2+ 35. Rxd2 Bxd2 36. g4 Bg6 37. Bf1 h5 38. Bc4 hxg4 39. hxg4 Bb4 40.
a3 Bc3 41. b4 Kf8 42. b5 Be5 43. b6 Ke7 44. b7 Kd7 45. Bd5 Bb8 46. a4 Kc7 47.
Rf6 1-0

[Event "12. Longericher Sommer-Open B"]
[Site "Köln"]
[Date "2015.08.01"]
[Round "2.18"]
[White "Klemenz, Luca"]
[Black "Radovinski, Jewgeni"]
[Result "1-0"]
[WhiteElo "782"]
[BlackElo "1500"]
[PlyCount "53"]
[EventDate "2015.??.??"]
[WhiteTeam "SF Esch"]
[BlackTeam "SG Porz"]

1. Nf3 Nf6 2. c4 g6 3. g3 Bg7 4. Bg2 e6 5. d4 d5 6. cxd5 exd5 7. O-O Nc6 8. Nc3
h6 9. Bf4 g5 10. Bd2 Bf5 11. Rc1 Ne4 12. Be3 Nxc3 13. Rxc3 Qd7 14. Qb3 Rb8 15.
Rfc1 O-O 16. Rc5 Be4 17. Ne5 Nxe5 18. Bxe4 dxe4 19. Rxc7 Qg4 20. dxe5 Qxe2 21.
Rxb7 Rxb7 22. Qxb7 Bxe5 23. Qxe4 Qxb2 24. Qc2 Qa3 25. Bc5 Qf3 26. Bxf8 Kxf8 27.
Qc5+ 1-0

[Event "12. Longericher Sommer-Open B"]
[Site "Köln"]
[Date "2015.08.01"]
[Round "2.19"]
[White "Klein, Andreas"]
[Black "Mag, Martina"]
[Result "1-0"]
[WhiteElo "1483"]
[BlackElo "1051"]
[PlyCount "51"]
[EventDate "2015.??.??"]
[WhiteTeam "Klub Kölner SF"]
[BlackTeam "Ford SF Köln"]

1. d4 d5 2. c4 c6 3. cxd5 cxd5 4. Nc3 e6 5. Bf4 Bb4 6. e3 Nf6 7. Nf3 Ne4 8. Rc1
Nc6 9. Bb5 Bd7 10. O-O O-O 11. Qb3 a5 12. a3 Be7 13. Rfd1 Bh4 14. Nxe4 dxe4 15.
Nxh4 Qxh4 16. Qc2 f5 17. Qb3 Rae8 18. Rc5 Rf6 19. Rdc1 Nxd4 20. exd4 Qxf4 21.
Bxd7 Rd8 22. Bxe6+ Kh8 23. d5 Rh6 24. Qg3 Qd2 25. Rc8 Rxc8 26. Rxc8# 1-0

[Event "12. Longericher Sommer-Open B"]
[Site "Köln"]
[Date "2015.08.01"]
[Round "2.21"]
[White "Toval, David"]
[Black "Scheffler, Jürgen"]
[Result "0-1"]
[WhiteElo "1377"]
[BlackElo "1297"]
[PlyCount "54"]
[EventDate "2015.??.??"]
[WhiteTeam "SK Münster"]
[BlackTeam "SC Prüm"]

1. e4 c5 2. c3 e5 3. Nf3 d6 4. Bc4 Be7 5. O-O a6 6. a4 Nf6 7. Qb3 O-O 8. Re1
Nc6 9. Na3 Na5 10. Qd1 Nxc4 11. Nxc4 Be6 12. Na3 Re8 13. Ng5 Bg4 14. Qb3 d5 15.
Qxb7 h6 16. Nxf7 Kxf7 17. exd5 Nxd5 18. Rxe5 Be6 19. f4 Qc7 20. Qxc7 Nxc7 21.
d4 cxd4 22. cxd4 Bf6 23. Re4 Red8 24. Nc2 Bf5 25. Re2 Bxd4+ 26. Kh1 Bf6 27. h3
Ne6 0-1

[Event "12. Longericher Sommer-Open B"]
[Site "Köln"]
[Date "2015.08.01"]
[Round "2.22"]
[White "Hirsch, Reinhard"]
[Black "Mohammadi Nia, Nosratollah"]
[Result "1/2-1/2"]
[WhiteElo "995"]
[BlackElo "1231"]
[PlyCount "151"]
[EventDate "2015.??.??"]
[WhiteTeam "SK Köln-Worringen"]
[BlackTeam "DJK Aufwärts Aachen"]

1. e4 e5 2. Nf3 Nc6 3. Bc4 Bc5 4. c3 h6 5. d3 Nf6 6. Nbd2 d6 7. Nf1 d5 8. exd5
Nxd5 9. Qe2 f6 10. Qe4 Nde7 11. Ng3 f5 12. Qe2 Qd6 13. Bb5 g6 14. Nxe5 Bd7 15.
Nc4 Qd5 16. Ne3 Bxe3 17. Bc4 Qxg2 18. Bxe3 Qh3 19. O-O-O Rf8 20. f4 O-O-O 21.
Rhf1 Qh4 22. Rf3 Qf6 23. d4 Qd6 24. d5 Na5 25. Rd4 a6 26. Nf1 b5 27. Bb3 Nxb3+
28. axb3 Nxd5 29. c4 bxc4 30. bxc4 Nxf4 31. Rfxf4 Qe5 32. Rd5 Qe6 33. Rfd4 f4
34. Qd3 fxe3 35. Nxe3 Rf3 36. Re4 Qh3 37. Kd2 c6 38. Rd6 Qxh2+ 39. Kc3 Qg1 40.
c5 Qc1+ 41. Kb3 Qa1 42. Ra4 Be6+ 43. Kb4 Rf4+ 44. Kc3 Qc1+ 45. Nc2 Rc4+ 46.
Rxc4 Rxd6 47. cxd6 Bxc4 48. Qxc4 Kd7 49. Qd3 Qg1 50. Nb4 Qc5+ 51. Kb3 a5 52.
Qh3+ Qf5 53. Qxf5+ gxf5 54. Nd3 Kxd6 55. Kc4 Ke6 56. Kd4 Kf6 57. Ke3 h5 58. Kf4
Kg6 59. Ne5+ Kf6 60. Nxc6 a4 61. Nd4 h4 62. Nxf5 h3 63. Ng3 h2 64. Kf3 Ke5 65.
Ke3 Kd5 66. Kd3 Ke5 67. Ke3 Kd5 68. Kd3 Kc5 69. Kc3 Kb5 70. Nh1 Kc5 71. Nf2 Kb5
72. Nh1 Ka5 73. Kc4 a3 74. bxa3 Ka4 75. Kc3 Kxa3 76. Kd3 1/2-1/2

[Event "12. Longericher Sommer-Open B"]
[Site "Köln"]
[Date "2015.08.01"]
[Round "2.23"]
[White "Hingst, Dieter Max Otto"]
[Black "Kissmer, Werner"]
[Result "1/2-1/2"]
[WhiteElo "896"]
[BlackElo "1159"]
[PlyCount "46"]
[EventDate "2015.??.??"]
[WhiteTeam "Brühler SK"]
[BlackTeam "SV Turm Sankt Augustin"]

1. e4 c5 2. c4 Nc6 3. Nf3 d6 4. d4 cxd4 5. Nxd4 Nf6 6. Nxc6 bxc6 7. e5 Qa5+ 8.
Bd2 Qxe5+ 9. Be2 Ne4 10. f3 Nc5 11. Bc3 Qe3 12. Qd2 Qe6 13. b4 Na4 14. Qc2 Nb6
15. Na3 a6 16. Qe4 Qxe4 17. fxe4 e5 18. c5 dxc5 19. Bxe5 cxb4 20. Nc2 f6 21.
Bd4 c5 22. Bf2 Bd6 23. O-O-O O-O 1/2-1/2

[Event "12. Longericher Sommer-Open B"]
[Site "Köln"]
[Date "2015.08.01"]
[Round "2.25"]
[White "Molitor, Simon"]
[Black "Jakob, Gudrun"]
[Result "0-1"]
[WhiteElo "882"]
[BlackElo "1095"]
[PlyCount "38"]
[EventDate "2015.??.??"]
[WhiteTeam "SF Esch"]
[BlackTeam "Klub Kölner SF"]

1. c4 e5 2. Nc3 Nf6 3. Nf3 Nc6 4. g3 Bc5 5. Bg2 d6 6. O-O h6 7. Rb1 a5 8. d3
O-O 9. e3 Bg4 10. h3 Bh5 11. Qd2 Bg6 12. Ra1 Re8 13. d4 exd4 14. exd4 Ba7 15.
Re1 Nb4 16. a3 Nd3 17. Qxd3 Bxd3 18. Rxe8+ Qxe8 19. Bd2 Bxc4 0-1

[Event "12. Longericher Sommer-Open B"]
[Site "Köln"]
[Date "2015.08.01"]
[Round "3.1"]
[White "Margenberg, Volker"]
[Black "Vjazner, Lilian"]
[Result "1/2-1/2"]
[WhiteElo "1693"]
[BlackElo "1465"]
[PlyCount "146"]
[EventDate "2015.??.??"]
[WhiteTeam "SV Wiehl"]
[BlackTeam "Klub Kölner SF"]

1. d4 Nf6 2. Nf3 d6 3. c4 c5 4. e3 Nc6 5. Nc3 g6 6. d5 Nb4 7. a3 Na6 8. Bd3 Bg7
9. O-O O-O 10. h3 Bd7 11. Re1 Nc7 12. e4 a6 13. Be3 b5 14. Qd2 bxc4 15. Bxc4
Rb8 16. Rab1 Rb6 17. Bh6 Qa8 18. Bxg7 Kxg7 19. e5 Ng8 20. e6 fxe6 21. dxe6 Bc6
22. Ng5 Nh6 23. Bf1 Rf6 24. Nce4 Rf8 25. Qc3+ Kg8 26. f3 Qb7 27. Bd3 Rb3 28.
Qd2 Nf5 29. Nf2 Nd4 30. Ng4 Kg7 31. Bc4 Rbxf3 32. Nxf3 Bxf3 33. Qh6+ Kg8 34.
Rf1 Qe4 35. Rbe1 Qf5 36. Nh2 Qh5 37. Qxh5 Bxh5 38. Rxf8+ Kxf8 39. g4 Bxg4 40.
hxg4 d5 41. Bd3 c4 42. Bf1 Ncxe6 43. Bg2 Nf4 44. Bf1 Kf7 45. Kf2 Nc2 46. Rc1
Nd4 47. Nf3 Nc6 48. Re1 Kf6 49. g5+ Kf5 50. Kg3 e5 51. Kh4 a5 52. Bh3+ Nxh3 53.
Kxh3 e4 54. Nh4+ Kxg5 55. Rd1 Ne7 56. Ng2 Kf5 57. Kg3 h5 58. Ne3+ Ke5 59. Rd2
Nf5+ 60. Kf2 Ne7 61. Rd1 a4 62. Rd2 g5 63. Rd1 h4 64. Rg1 Kf4 65. Rg4+ Ke5 66.
Rxg5+ Kd4 67. Rh5 h3 68. Rxh3 Ng6 69. Rh5 Nf4 70. Rf5 Nd3+ 71. Ke2 Nc1+ 72. Kf2
Nd3+ 73. Ke2 Nc1+ 1/2-1/2

[Event "12. Longericher Sommer-Open B"]
[Site "Köln"]
[Date "2015.08.01"]
[Round "3.2"]
[White "Siepen, Ralf"]
[Black "Liebsch, Ulrich"]
[Result "1/2-1/2"]
[WhiteElo "1430"]
[BlackElo "1659"]
[PlyCount "36"]
[EventDate "2015.??.??"]
[WhiteTeam "SC Bayer Uerdingen"]
[BlackTeam "SC Bayer Leverkusen"]

1. Nf3 Nf6 2. c4 d6 3. g3 c5 4. Bg2 Nc6 5. d4 cxd4 6. Nxd4 Bd7 7. O-O g6 8. b3
Bg7 9. Bb2 O-O 10. Na3 Rb8 11. Nac2 Qb6 12. Ne3 a6 13. Rc1 Nxd4 14. Qxd4 Qxd4
15. Bxd4 Bc6 16. Nd5 Nxd5 17. Bxg7 Kxg7 18. Bxd5 Rfc8 1/2-1/2

[Event "12. Longericher Sommer-Open B"]
[Site "Köln"]
[Date "2015.08.01"]
[Round "3.3"]
[White "Köllner, Aaron Noah"]
[Black "Klemenz, Luca"]
[Result "1/2-1/2"]
[WhiteElo "1478"]
[BlackElo "782"]
[PlyCount "76"]
[EventDate "2015.??.??"]
[WhiteTeam "SV Bergneustadt/Derschlag"]
[BlackTeam "SF Esch"]

1. d4 Nf6 2. Nf3 d5 3. e3 e6 4. Bd3 c5 5. c3 Be7 6. Nbd2 O-O 7. O-O Nc6 8. dxc5
Bxc5 9. e4 dxe4 10. Nxe4 Nxe4 11. Bxe4 Bd7 12. Re1 Re8 13. Ng5 h6 14. Bh7+ Kf8
15. Ne4 Be7 16. Qh5 Qa5 17. Qxh6 f5 18. Qg6 Ne5 19. b4 Nxg6 20. bxa5 Ne5 21.
Ng3 Bf6 22. f4 Nd3 23. Rd1 Bb5 24. Rb1 Ba6 25. Bg6 Rec8 26. Ba3+ Kg8 27. c4
Bxc4 28. Rxb7 Bd4+ 29. Kf1 Nb2+ 30. Ke1 Bc3+ 31. Rd2 Rd8 32. Bxb2 Bxd2+ 33. Kf2
Bxf4 34. Rxg7+ Kf8 35. Rf7+ Kg8 36. Rg7+ Kf8 37. Rf7+ Kg8 38. Rg7+ Kf8 1/2-1/2

[Event "12. Longericher Sommer-Open B"]
[Site "Köln"]
[Date "2015.08.01"]
[Round "3.5"]
[White "van der Valk, Reiner"]
[Black "Leschin, Hendrik"]
[Result "0-1"]
[WhiteElo "1450"]
[BlackElo "1699"]
[PlyCount "28"]
[EventDate "2015.??.??"]
[WhiteTeam "SG Nettetal"]
[BlackTeam "SF Köln-Mülheim"]

1. e4 e6 2. d4 d5 3. Nc3 dxe4 4. Nxe4 Nd7 5. Nf3 Ngf6 6. Bg5 Be7 7. Nxf6+ Nxf6
8. Bb5+ Bd7 9. Bxd7+ Qxd7 10. c3 Qb5 11. Qc2 O-O 12. O-O-O c5 13. Rhe1 cxd4 14.
Nxd4 Qxg5+ 0-1

[Event "12. Longericher Sommer-Open B"]
[Site "Köln"]
[Date "2015.08.01"]
[Round "3.6"]
[White "Kürten, Lothar"]
[Black "Kühlwein, Ralf"]
[Result "1-0"]
[WhiteElo "1606"]
[BlackElo "1412"]
[PlyCount "29"]
[EventDate "2015.??.??"]
[WhiteTeam "SF Köln-Longerich"]
[BlackTeam "Klub Kölner SF"]

1. e4 c5 2. d4 cxd4 3. c3 dxc3 4. Nxc3 d6 5. Bc4 Nc6 6. Nf3 Bg4 7. Bxf7+ Kd7 8.
h3 Bxf3 9. Qxf3 e6 10. Bxg8 Rxg8 11. Qf7+ Ne7 12. Bf4 Qe8 13. Qxe8+ Rxe8 14.
O-O-O e5 15. Bxe5 1-0

[Event "12. Longericher Sommer-Open B"]
[Site "Köln"]
[Date "2015.08.01"]
[Round "3.7"]
[White "Scheffler, Jürgen"]
[Black "Havenith, Julia"]
[Result "1-0"]
[WhiteElo "1297"]
[BlackElo "1564"]
[PlyCount "50"]
[EventDate "2015.??.??"]
[WhiteTeam "SC Prüm"]
[BlackTeam "SV Würselen"]

1. d4 Nf6 2. c4 g6 3. Nc3 Bg7 4. Nf3 d6 5. Bg5 O-O 6. h3 Nbd7 7. Be3 e5 8. Bg5
h6 9. Bh4 Re8 10. e3 c6 11. Be2 Qc7 12. Bg3 Nh5 13. Bh2 Qd8 14. O-O f5 15. Rc1
Qe7 16. b3 Nhf6 17. d5 g5 18. Nd2 Nb6 19. f3 cxd5 20. cxd5 Nfxd5 21. Nxd5 Nxd5
22. Nc4 Qe6 23. e4 fxe4 24. fxe4 Nb6 25. Nxb6 axb6 1-0

[Event "12. Longericher Sommer-Open B"]
[Site "Köln"]
[Date "2015.08.01"]
[Round "3.8"]
[White "Ipekyilmaz, Mert"]
[Black "Pislaru, Marius"]
[Result "0-1"]
[WhiteElo "1205"]
[BlackElo "1556"]
[Annotator "Schlösser,Fritz"]
[PlyCount "66"]
[EventDate "2015.??.??"]
[WhiteTeam "Langenfelder SF"]
[BlackTeam "SG Porz"]

1. e4 e6 2. d4 d5 3. e5 c5 4. c3 Qb6 5. Nf3 Nc6 6. Be2 cxd4 7. cxd4 f6 8. Nc3
Bb4 9. exf6 Nxf6 10. a3 Bd6 11. O-O O-O 12. Rb1 a6 13. Be3 Qc7 14. h3 Bd7 15.
Qc2 e5 16. dxe5 Nxe5 17. Rbc1 Rac8 18. Qb3 Bc6 19. Rcd1 Qf7 20. Nd4 Nc4 21.
Bxc4 dxc4 22. Qa2 Be5 23. Nxc6 Rxc6 24. Ne2 Qh5 25. Nf4 Bxf4 26. Bxf4 Qc5 27.
Be3 Qb5 28. Bd4 Nd5 29. Rfe1 Nf4 30. Kh1 Rg6 31. Rc1 Rc8 32. g3 Qd5+ 33. Kh2
Qg2# 0-1

[Event "12. Longericher Sommer-Open B"]
[Site "Köln"]
[Date "2015.08.01"]
[Round "3.9"]
[White "Plitt, Stefan"]
[Black "Köllner, Felicitas Ophelia"]
[Result "1-0"]
[WhiteElo "1655"]
[BlackElo "1337"]
[PlyCount "55"]
[EventDate "2015.??.??"]
[WhiteTeam "SV Grünfeld"]
[BlackTeam "SV Bergneustadt/Derschlag"]

1. c4 c6 2. Nc3 Nf6 3. d4 d5 4. e3 Nbd7 5. Nf3 e6 6. Bd3 Be7 7. O-O O-O 8. Re1
Re8 9. b3 Bb4 10. Bb2 dxc4 11. bxc4 Be7 12. Qc2 c5 13. d5 exd5 14. Nxd5 Nxd5
15. Bxh7+ Kh8 16. cxd5 Nf6 17. Ne5 Qxd5 18. e4 Qe6 19. Bf5 Qb6 20. Nxf7+ Kg8
21. Ne5 Bxf5 22. exf5 Rad8 23. Ng6 Bd6 24. Qc4+ Kh7 25. Qh4+ Kg8 26. Bxf6 gxf6
27. Qh8+ Kf7 28. Qh7# 1-0

[Event "12. Longericher Sommer-Open B"]
[Site "Köln"]
[Date "2015.08.01"]
[Round "3.10"]
[White "Hoferichter, Michael"]
[Black "Havenith, Michael"]
[Result "0-1"]
[WhiteElo "1372"]
[BlackElo "1646"]
[PlyCount "106"]
[EventDate "2015.??.??"]
[WhiteTeam "Klub Kölner SF"]
[BlackTeam "SV Würselen"]

1. d4 Nf6 2. c4 g6 3. Nc3 d5 4. cxd5 Nxd5 5. e4 Nxc3 6. bxc3 Bg7 7. Be3 c5 8.
Nf3 Nc6 9. Bb5 Bd7 10. Rc1 cxd4 11. Nxd4 Ne5 12. Bxd7+ Qxd7 13. O-O O-O 14. h3
Nc4 15. Qe2 Rac8 16. f4 e5 17. fxe5 Bxe5 18. Rcd1 Nxe3 19. Qxe3 Qe7 20. Rd3
Rfe8 21. Re1 Rc4 22. Kh1 Rec8 23. Rc1 Qc5 24. Ne2 Qxe3 25. Rxe3 b5 26. a3 Bd6
27. e5 Bxa3 28. Rd1 Bb2 29. e6 fxe6 30. Rxe6 a5 31. Rd7 R4c7 32. Rd5 Rb7 33.
Nd4 Bxc3 34. Nxb5 Bb4 35. Nd6 Bxd6 36. Rdxd6 Ra7 37. Ra6 Rca8 38. Re8+ Rxe8 39.
Rxa7 Re1+ 40. Kh2 Ra1 41. Kg3 a4 42. h4 a3 43. Kg4 h6 44. h5 gxh5+ 45. Kxh5 a2
46. Kg6 Kf8 47. Kxh6 Rh1+ 48. Kg5 a1=Q 49. Rxa1 Rxa1 50. g4 Kg7 51. Kf4 Kg6 52.
g5 Ra5 53. Kg4 Rxg5+ 0-1

[Event "12. Longericher Sommer-Open B"]
[Site "Köln"]
[Date "2015.08.01"]
[Round "3.11"]
[White "Mohammadi Nia, Borna"]
[Black "Schwab, Wolfgang"]
[Result "0-1"]
[WhiteElo "1190"]
[BlackElo "1584"]
[PlyCount "52"]
[EventDate "2015.??.??"]
[WhiteTeam "DJK Aufwärts Aachen"]
[BlackTeam "SV Turm Sankt Augustin"]

1. e4 c5 2. d4 cxd4 3. c3 Nc6 4. cxd4 d5 5. e5 e6 6. Nf3 Nge7 7. Na3 a6 8. Be2
Nf5 9. Nc2 Qa5+ 10. Kf1 Be7 11. g4 Nh4 12. Nxh4 Bxh4 13. g5 h6 14. gxh6 gxh6
15. Rg1 Ne7 16. Rg4 Nf5 17. Ne3 Bg5 18. Nxf5 exf5 19. Rg3 f4 20. Ra3 Qb6 21.
Bf3 Be6 22. Qa4+ Bd7 23. Qd1 Rc8 24. Bxd5 Qb5+ 25. Qe2 Qxd5 26. Qd3 Bb5 0-1